000 00287nam a22001217a 4500
008 230717b xxu||||| |||| 00| 0 eng d
082 _a363.7
_bUNEP
110 _bUNEP
245 _aThe Pollution of Lakes and Reservoirs
260 _aKenya
_bUNEP
_c1994
300 _a35p
942 _2ddc
_cBK
999 _c3974
_d3974